<?xml version="1.0" encoding="UTF-8"?>
<record
    xmlns:xsi="http://www.w3.org/2001/XMLSchema-instance"
    xsi:schemaLocation="http://www.loc.gov/MARC21/slim http://www.loc.gov/standards/marcxml/schema/MARC21slim.xsd"
    xmlns="http://www.loc.gov/MARC21/slim">

  <leader>00554nam a22001457a 4500</leader>
  <controlfield tag="003">OSt</controlfield>
  <controlfield tag="005">20160310094600.0</controlfield>
  <controlfield tag="008">160310b        xxu||||| |||| 00| 0 eng d</controlfield>
  <datafield tag="040" ind1=" " ind2=" ">
    <subfield code="c">RUA</subfield>
  </datafield>
  <datafield tag="082" ind1=" " ind2=" ">
    <subfield code="a">LMA LY 2014 B467 Or.1</subfield>
  </datafield>
  <datafield tag="100" ind1=" " ind2=" ">
    <subfield code="9">7872</subfield>
    <subfield code="a">LY PHANIT; &#x179B;&#x17B8; &#x1795;&#x17B6;&#x1793;&#x17B7;&#x178F;</subfield>
  </datafield>
  <datafield tag="245" ind1=" " ind2=" ">
    <subfield code="a">Property tax collection procedure in phnom penh, &#x1793;&#x17B8;&#x178F;&#x17B7;&#x179C;&#x17B7;&#x1792;&#x17B8;&#x1793;&#x17C3;&#x1780;&#x17B6;&#x179A;&#x1794;&#x17D2;&#x179A;&#x1798;&#x17BC;&#x179B;&#x1796;&#x1793;&#x17D2;&#x1792;&#x1791;&#x17C5;&#x179B;&#x17BE;&#x17A2;&#x1785;&#x179B;&#x1793;&#x179C;&#x178F;&#x17D2;&#x1790;&#x17BB;&#x17BB;&#x1793;&#x17C5;&#x179A;&#x17B6;&#x1787;&#x1792;&#x17B6;&#x1793;&#x17B8;&#x1797;&#x17D2;&#x1793;&#x17C6;&#x1796;&#x17C1;&#x1789;</subfield>
  </datafield>
  <datafield tag="300" ind1=" " ind2=" ">
    <subfield code="a">viii,37p.</subfield>
    <subfield code="b">ill.</subfield>
    <subfield code="c">29cm.</subfield>
  </datafield>
  <datafield tag="942" ind1=" " ind2=" ">
    <subfield code="2">ddc</subfield>
    <subfield code="c">LMA</subfield>
  </datafield>
  <datafield tag="999" ind1=" " ind2=" ">
    <subfield code="c">7466</subfield>
    <subfield code="d">7466</subfield>
  </datafield>
  <datafield tag="952" ind1=" " ind2=" ">
    <subfield code="0">0</subfield>
    <subfield code="1">0</subfield>
    <subfield code="2">ddc</subfield>
    <subfield code="4">0</subfield>
    <subfield code="6">LMA_LY_2014_000000000000000_B467_OR_1</subfield>
    <subfield code="7">0</subfield>
    <subfield code="9">44252</subfield>
    <subfield code="a">LBB</subfield>
    <subfield code="b">LBB</subfield>
    <subfield code="c">B467</subfield>
    <subfield code="d">2016-03-10</subfield>
    <subfield code="l">3</subfield>
    <subfield code="o">LMA LY 2014 B467 Or.1</subfield>
    <subfield code="p">RUA055739</subfield>
    <subfield code="r">2021-12-07</subfield>
    <subfield code="s">2021-06-16</subfield>
    <subfield code="w">2016-03-10</subfield>
    <subfield code="y">LMA</subfield>
  </datafield>
  <datafield tag="952" ind1=" " ind2=" ">
    <subfield code="0">0</subfield>
    <subfield code="1">0</subfield>
    <subfield code="2">ddc</subfield>
    <subfield code="4">0</subfield>
    <subfield code="6">LMA_LY_2014_000000000000000_B467_OR_2</subfield>
    <subfield code="7">0</subfield>
    <subfield code="9">44253</subfield>
    <subfield code="a">LBB</subfield>
    <subfield code="b">LBB</subfield>
    <subfield code="c">B467</subfield>
    <subfield code="d">2016-03-10</subfield>
    <subfield code="l">1</subfield>
    <subfield code="o">LMA LY 2014 B467 Or.2</subfield>
    <subfield code="p">RUA055607</subfield>
    <subfield code="r">2016-06-30</subfield>
    <subfield code="s">2016-06-16</subfield>
    <subfield code="w">2016-03-10</subfield>
    <subfield code="y">LMA</subfield>
  </datafield>
  <datafield tag="952" ind1=" " ind2=" ">
    <subfield code="0">0</subfield>
    <subfield code="1">0</subfield>
    <subfield code="2">ddc</subfield>
    <subfield code="4">0</subfield>
    <subfield code="6">LMA_LY_2014_000000000000000_B467_OR_3</subfield>
    <subfield code="7">0</subfield>
    <subfield code="9">44254</subfield>
    <subfield code="a">LBB</subfield>
    <subfield code="b">LBB</subfield>
    <subfield code="c">B467</subfield>
    <subfield code="d">2016-03-10</subfield>
    <subfield code="l">1</subfield>
    <subfield code="o">LMA LY 2014 B467 Or.3</subfield>
    <subfield code="p">RUA055913</subfield>
    <subfield code="r">2018-11-16</subfield>
    <subfield code="s">2018-11-02</subfield>
    <subfield code="w">2016-03-10</subfield>
    <subfield code="y">LMA</subfield>
  </datafield>
  <datafield tag="952" ind1=" " ind2=" ">
    <subfield code="0">0</subfield>
    <subfield code="1">0</subfield>
    <subfield code="2">ddc</subfield>
    <subfield code="4">0</subfield>
    <subfield code="6">LMA_LY_2014_000000000000000_B467_OR_4</subfield>
    <subfield code="7">0</subfield>
    <subfield code="9">44255</subfield>
    <subfield code="a">LBB</subfield>
    <subfield code="b">LBB</subfield>
    <subfield code="c">B467</subfield>
    <subfield code="d">2016-03-10</subfield>
    <subfield code="l">3</subfield>
    <subfield code="o">LMA LY 2014 B467 Or.4</subfield>
    <subfield code="p">RUA055975</subfield>
    <subfield code="r">2021-12-13</subfield>
    <subfield code="s">2019-06-17</subfield>
    <subfield code="w">2016-03-10</subfield>
    <subfield code="y">LMA</subfield>
  </datafield>
  <datafield tag="952" ind1=" " ind2=" ">
    <subfield code="0">0</subfield>
    <subfield code="1">0</subfield>
    <subfield code="2">ddc</subfield>
    <subfield code="4">0</subfield>
    <subfield code="6">LMA_LY_2014_000000000000000_B467_OR_5</subfield>
    <subfield code="7">0</subfield>
    <subfield code="9">44256</subfield>
    <subfield code="a">LBB</subfield>
    <subfield code="b">LBB</subfield>
    <subfield code="c">B467</subfield>
    <subfield code="d">2016-03-10</subfield>
    <subfield code="l">4</subfield>
    <subfield code="m">1</subfield>
    <subfield code="o">LMA LY 2014 B467 Or.5</subfield>
    <subfield code="p">RUA055909</subfield>
    <subfield code="r">2019-07-30</subfield>
    <subfield code="s">2019-07-09</subfield>
    <subfield code="w">2016-03-10</subfield>
    <subfield code="y">LMA</subfield>
  </datafield>
  <datafield tag="952" ind1=" " ind2=" ">
    <subfield code="0">0</subfield>
    <subfield code="1">0</subfield>
    <subfield code="2">ddc</subfield>
    <subfield code="4">0</subfield>
    <subfield code="6">LMA_LY_2014_000000000000000_B467_OR_6</subfield>
    <subfield code="7">0</subfield>
    <subfield code="9">44257</subfield>
    <subfield code="a">LBB</subfield>
    <subfield code="b">LBB</subfield>
    <subfield code="c">B467</subfield>
    <subfield code="d">2016-03-10</subfield>
    <subfield code="l">2</subfield>
    <subfield code="o">LMA LY 2014 B467 Or.6</subfield>
    <subfield code="p">RUA055559</subfield>
    <subfield code="r">2023-02-28</subfield>
    <subfield code="s">2023-01-30</subfield>
    <subfield code="w">2016-03-10</subfield>
    <subfield code="y">LMA</subfield>
  </datafield>
  <datafield tag="952" ind1=" " ind2=" ">
    <subfield code="0">0</subfield>
    <subfield code="1">0</subfield>
    <subfield code="2">ddc</subfield>
    <subfield code="4">0</subfield>
    <subfield code="6">LMA_LY_2014_000000000000000_B467_OR_7</subfield>
    <subfield code="7">0</subfield>
    <subfield code="9">44258</subfield>
    <subfield code="a">LBB</subfield>
    <subfield code="b">LBB</subfield>
    <subfield code="c">B467</subfield>
    <subfield code="d">2016-03-10</subfield>
    <subfield code="l">4</subfield>
    <subfield code="o">LMA LY 2014 B467 Or.7</subfield>
    <subfield code="p">RUA056095</subfield>
    <subfield code="r">2021-01-26</subfield>
    <subfield code="s">2021-01-19</subfield>
    <subfield code="w">2016-03-10</subfield>
    <subfield code="y">LMA</subfield>
  </datafield>
  <datafield tag="952" ind1=" " ind2=" ">
    <subfield code="0">0</subfield>
    <subfield code="1">0</subfield>
    <subfield code="2">ddc</subfield>
    <subfield code="4">0</subfield>
    <subfield code="6">LMA_LY_2014_000000000000000_B467_OR_8</subfield>
    <subfield code="7">0</subfield>
    <subfield code="9">44259</subfield>
    <subfield code="a">LBB</subfield>
    <subfield code="b">LBB</subfield>
    <subfield code="c">B467</subfield>
    <subfield code="d">2016-03-10</subfield>
    <subfield code="l">2</subfield>
    <subfield code="o">LMA LY 2014 B467 Or.8</subfield>
    <subfield code="p">RUA055734</subfield>
    <subfield code="r">2020-02-24</subfield>
    <subfield code="s">2020-02-03</subfield>
    <subfield code="w">2016-03-10</subfield>
    <subfield code="y">LMA</subfield>
  </datafield>
</record>
